Top 500 Baby Girls Names 2011 in England and Wales - Statistics

General Stats
  • This quiz has been taken 378 times
  • The average score is 224 of 500
Answer Stats
% Correct
404 A Ana
89%
67 A Anna
89%
49 E Emma
87%
38 A Abigail
85%
104 A Aimee
85%
1 A Amelia
85%
494 A Amie
85%
51 A Amy
85%
343 E Emilie
84%
5 E Emily
84%
458 L Lili
84%
112 L Lillie
84%
27 L Lilly
84%
3 L Lily
84%
372 E Ela
83%
16 E Ella
83%
489 E Elle
82%
2 O Olivia
80%
251 O Oliwia
80%
62 E Eliza
79%
129 E Eve
79%
66 I Isabel
79%
17 I Isabelle
79%
80 I Isobel
79%
323 I Isobelle
79%
9 A Ava
78%
250 M Mary
78%
37 A Alice
77%
44 E Elizabeth
77%
304 H Hana
77%
210 H Hanna
77%
119 L Lara
77%
134 L Laura
77%
57 K Katie
76%
322 K Katy
76%
152 A Alexa
75%
474 E Elin
75%
258 E Ellen
75%
28 E Ellie
75%
33 E Eva
75%
8 G Grace
75%
10 I Isabella
75%
4 J Jessica
75%
362 A Aleksandra
74%
107 A Alexandra
74%
20 D Daisy
74%
489 I Isobella
74%
297 I Izabella
74%
56 L Leah
74%
144 A Annie
73%
158 A Abbie
71%
420 A Abby
71%
270 A Ayla
71%
233 C Catherine
71%
15 I Isla
71%
78 J Julia
71%
169 K Katherine
71%
315 B Beth
70%
12 C Chloe
70%
365 K Khloe
70%
93 M Maria
70%
270 B Belle
69%
21 C Charlotte
69%
165 L Lucie
69%
23 L Lucy
69%
76 R Rose
69%
108 V Victoria
69%
85 L Lauren
68%
332 A Ariana
67%
427 A Arianna
67%
69 B Bella
67%
267 K Kate
67%
486 M Mae
66%
414 M May
66%
109 S Sara
66%
90 S Sarah
66%
92 Z Zoe
66%
247 A Alesha
65%
125 A Alicia
65%
338 A Alicja
65%
458 A Alyssia
65%
120 A Annabel
65%
395 E Elisha
65%
65 E Evelyn
65%
11 E Evie
65%
53 G Gracie
65%
26 H Holly
65%
175 J Jennifer
65%
426 L Lillian
65%
13 M Mia
65%
499 M Miya
65%
113 M Mollie
65%
46 M Molly
65%
97 N Nicole
65%
343 O Olive
65%
386 A Ada
64%
115 A Alisha
64%
278 B Bethan
64%
370 H Hayley
64%
68 H Hollie
64%
147 I Iris
64%
35 M Millie
64%
231 M Milly
64%
440 P Poppie
64%
14 P Poppy
64%
79 A Annabelle
63%
59 E Eleanor
63%
43 F Florence
63%
39 E Erin
62%
19 F Freya
62%
60 G Georgia
62%
168 I Ivy
62%
444 J Jorja
62%
6 S Sophie
62%
116 A Aaliyah
61%
101 A Alexis
61%
64 B Bethany
61%
31 L Lola
61%
47 S Sofia
61%
18 S Sophia
61%
292 Z Zofia
61%
403 D Diana
60%
55 R Rosie
60%
232 S Samantha
60%
212 C Clara
59%
63 F Faith
59%
360 J Jasmin
59%
42 J Jasmine
59%
124 L Laila
58%
30 L Layla
58%
136 L Leila
58%
224 L Leyla
58%
255 P Penelope
58%
190 R Rachel
58%
245 R Rosa
58%
95 T Tia
58%
267 A Aliyah
57%
123 A Angel
57%
87 E Elsie
57%
167 H Hope
57%
218 M Maia
57%
128 M Maja
57%
58 M Maya
57%
105 M Mya
57%
218 N Natalie
57%
444 R Rubie
57%
7 R Ruby
57%
499 A Amanda
56%
52 A Amber
56%
218 C Cara
56%
266 D Danielle
56%
186 K Kara
56%
82 M Maddison
56%
77 M Madison
56%
88 R Rebecca
56%
235 T Thea
56%
154 Z Zahra
56%
73 Z Zara
56%
275 B Beau
55%
294 C Ciara
55%
247 G Gabriela
55%
111 G Gabriella
55%
71 H Harriet
55%
304 J Jade
55%
474 J Juliette
55%
88 K Keira
55%
355 K Kiara
55%
222 K Kiera
55%
414 K Kira
55%
285 K Kyra
55%
355 A Annabella
54%
318 D Daniella
54%
148 E Esther
54%
54 A Amelie
53%
468 C Cassie
53%
143 E Elise
53%
272 G Gabrielle
53%
328 H Helena
53%
216 J Jessie
53%
239 J Josie
53%
312 L Lila
53%
152 L Lyla
53%
83 M Martha
53%
140 N Naomi
53%
182 E Elsa
52%
412 F Flora
52%
32 I Imogen
52%
321 K Katelyn
52%
299 L Lilia
52%
149 M Madeleine
52%
310 M Madeline
52%
29 M Megan
52%
197 M Melissa
52%
289 N Nicola
52%
317 N Nikola
52%
342 A Ashleigh
51%
86 C Caitlin
51%
201 C Caitlyn
51%
206 E Edith
51%
420 K Kaitlin
51%
192 K Kaitlyn
51%
288 L Louise
51%
376 L Luna
51%
307 N Nia
51%
114 V Violet
51%
99 F Francesca
50%
261 J Josephine
50%
189 L Lacie
50%
195 N Nina
50%
370 S Sian
50%
224 A Alana
49%
376 A Angelina
49%
133 N Natalia
49%
458 C Cora
48%
480 G Gemma
48%
247 M Maisey
48%
22 M Maisie
48%
102 M Maisy
48%
343 M Maizie
48%
230 N Natasha
48%
24 P Phoebe
48%
126 B Beatrice
47%
303 B Beatrix
47%
332 H Hallie
47%
222 M Michelle
47%
135 N Nancy
47%
75 W Willow
47%
468 A Audrey
46%
312 C Charlie
46%
171 E Elena
46%
398 E Esmae
46%
72 E Esme
46%
332 E Esmee
46%
178 F Felicity
46%
157 G Georgina
46%
163 M Macey
46%
323 M Maci
46%
165 M Macie
46%
210 M Macy
46%
208 A Arabella
45%
404 A Aurora
45%
427 B Brianna
45%
50 B Brooke
45%
348 C Charley
45%
261 EM Ellie-Mae
45%
376 EM Ellie-Mai
45%
213 EM Ellie-May
45%
98 K Kayla
45%
397 LR Lilly-Rose
45%
204 LR Lily-Rose
45%
328 L Louisa
45%
360 M Mabel
45%
414 R Ruth
45%
480 S Siena
45%
36 S Sienna
45%
307 S Stella
45%
383 T Tayla
45%
209 T Taylor
45%
162 C Connie
44%
116 E Eloise
44%
91 H Heidi
44%
364 J Joanna
44%
238 L Lana
44%
432 L Lillie-Mae
44%
280 LM Lilly-Mae
44%
420 LM Lilly-Mai
44%
233 LM Lilly-May
44%
186 LM Lily-Mae
44%
447 LM Lily-Mai
44%
237 LM Lily-May
44%
138 L Lottie
44%
412 O Ophelia
44%
398 P Penny
44%
34 S Summer
44%
160 A Alyssa
43%
218 B Bonnie
43%
328 D Delilah
43%
362 H Hazel
43%
151 L Lena
43%
261 M Mila
43%
146 N Neve
43%
81 N Niamh
43%
159 S Sadie
43%
179 A Autumn
42%
122 F Fatima
42%
354 F Fatimah
42%
323 H Halle
42%
130 I India
42%
253 V Vanessa
42%
449 C Carla
41%
494 C Carly
41%
131 D Darcey
41%
132 D Darcie
41%
110 D Darcy
41%
150 E Eden
41%
239 E Edie
41%
414 ER Ella-Rose
41%
380 J Jenna
41%
170 A Alexia
40%
458 C Callie
40%
458 E Elissa
40%
229 E Emelia
40%
61 E Emilia
40%
255 E Emmie
40%
372 E Erica
40%
278 L Liliana
40%
48 M Matilda
40%
395 N Nell
40%
171 S Scarlet
40%
25 S Scarlett
40%
301 S Stephanie
40%
164 A Aleena
39%
328 A Alina
39%
267 A April
39%
239 D Destiny
39%
489 EM Evie-Mae
39%
474 GM Gracie-Mae
39%
40 L Lacey
39%
100 L Lydia
39%
197 N Nadia
39%
155 O Orla
39%
70 P Paige
39%
272 P Polly
39%
193 Y Yasmin
39%
489 Y Yasmine
39%
386 A Ameera
38%
494 AR Amelia-Rose
38%
181 A Amira
38%
318 A Amirah
38%
383 A Anastasia
38%
201 C Casey
38%
227 K Kacey
38%
355 K Kacie
38%
185 L Lucia
38%
127 S Seren
38%
103 T Tilly
38%
142 F Faye
37%
45 L Lexi
37%
74 L Lexie
37%
301 P Peyton
37%
204 P Pippa
37%
380 A Aaminah
36%
190 A Amina
36%
280 A Aminah
36%
245 G Georgie
36%
41 H Hannah
36%
449 H Hattie
36%
144 S Savannah
36%
464 T Tara
36%
424 T Tillie
36%
458 A Adele
35%
494 B Betty
35%
161 C Courtney
35%
289 E Evangeline
35%
156 F Frankie
35%
264 K Kayleigh
35%
365 M Maddie
35%
217 M Maggie
35%
258 S Sasha
35%
365 S Serena
35%
95 A Aisha
34%
372 A Amara
34%
203 A Ayesha
34%
432 A Aysha
34%
336 C Chelsea
34%
352 E Eliana
34%
317 L Lyra
33%
404 S Sky
33%
84 S Skye
33%
272 T Talia
33%
171 Z Zuzanna
33%
255 A Amaya
32%
427 C Carmen
32%
254 K Kelsey
32%
480 R Rhea
32%
300 R Ria
32%
139 A Anya
31%
289 C Constance
31%
275 M Melody
31%
398 M Miriam
31%
449 S Sabrina
31%
280 S Skyla
31%
177 T Tabitha
31%
297 A Aoife
30%
180 E Ebony
29%
193 B Betsy
28%
121 L Lois
28%
343 C Crystal
27%
294 M Morgan
27%
336 R Rihanna
27%
432 R Riya
27%
227 T Tiana
27%
284 T Tianna
27%
464 B Bianca
26%
294 C Claudia
26%
213 D Demi
26%
468 J Jodie
26%
489 A Antonia
25%
260 E Elodie
25%
368 H Harmony
25%
410 I Indie
25%
304 K Kyla
25%
106 L Libby
25%
118 N Nevaeh
25%
468 P Paris
25%
174 R Robyn
25%
440 F Fleur
24%
375 I Iona
24%
468 K Karina
24%
199 K Kitty
24%
430 M Michaela
24%
292 P Philippa
24%
277 T Tiffany
24%
414 A Aurelia
23%
486 C Cleo
23%
464 M Marley
23%
136 M Miley
23%
390 V Verity
23%
486 A Aya
21%
176 J Jemima
21%
380 L Liberty
21%
376 P Pearl
21%
409 P Priya
21%
449 T Tamara
21%
449 F Farrah
20%
188 M Mariam
20%
94 M Maryam
20%
338 S Sapphire
20%
474 T Trinity
20%
449 Z Zaina
20%
252 A Anaya
19%
432 A Annalise
19%
449 C Clementine
19%
392 M Myla
19%
432 N Nyla
19%
444 S Safiya
19%
348 S Shannon
19%
307 S Sydney
19%
141 Z Zainab
19%
368 Z Zaynab
19%
316 R Roxanne
18%
340 T Teagan
18%
196 T Tegan
18%
392 H Hermione
17%
449 H Honor
17%
468 A Anais
16%
183 F Ffion
16%
285 I Imaan
16%
480 I Iman
16%
447 K Kimberley
16%
200 H Honey
15%
312 N Noor
15%
474 R Renee
15%
398 R Roxy
15%
352 S Saffron
15%
213 T Tallulah
15%
239 C Carys
14%
239 H Hafsa
14%
424 H Hafsah
14%
392 S Saskia
13%
280 I Inaaya
12%
310 I Inaya
12%
348 I Inayah
12%
432 L Leona
12%
224 K Khadija
11%
235 K Khadijah
11%
340 L Livia
11%
432 N Nikita
11%
386 P Princess
11%
404 A Aiza
10%
410 H Haleema
9%
355 H Halima
9%
323 K Keeley
9%
207 S Safa
9%
442 S Safaa
9%
347 A Aleeza
8%
359 A Aliza
8%
184 C Cerys
8%
464 I Isra
8%
264 I Iqra
7%
244 S Syeda
7%
285 Z Zoya
7%
420 C Coco
6%
474 E Eshal
6%
414 I Isha
6%
449 M Marwa
6%
432 P Pixie
6%
430 A Alishba
5%
442 A Amna
5%
480 A Aqsa
5%
390 D Diya
5%
318 L Laiba
5%
404 S Salma
5%
332 S Sana
5%
389 S Simran
5%
348 W Wiktoria
5%
383 T Tanisha
4%
398 M Malaika
3%
494 T Tulisa
2%
480 S Shreya
1%
No matching quizzes found
Score Distribution
Percent of People with Each Score
Percentile by Number Answered
Your Score History
You have not taken this quiz